Normal view
MARC view
Entry Personal Name
001 - CONTROL NUMBER
- control field: 5693
003 - CONTROL NUMBER IDENTIFIER
- control field: OSt
005 - DATE AND TIME OF LATEST TRANSACTION
- control field: 20150909141154.0
008 - FIXED-LENGTH DATA ELEMENTS
- fixed length control field: 150909|| aca||aabn | a|a d
040 ## - CATALOGING SOURCE
- Original cataloging agency: OSt
- Transcribing agency: OSt
100 ## - HEADING--PERSONAL NAME
- Personal name: edited by Stewart, Michael G.
670 ## - SOURCE DATA FOUND
- Source citation: Work cat.: (OSt): edited by Stewart, Michael G., Head, Face and Neck Trauma:
